Statistics for Countries That Eat The Most Eggs

Click here to take the quiz!

General Stats

  • This quiz has been taken 70 times
  • The average score is 2 of 5

Answer Stats

Kg Per CapitaCountry% Correct
21.6 kg Per CapitaChina
98%
20.1 kg Per CapitaJapan
93%
18.0 Kg Per CapitaCzech Republic
3%
18.8 kg Per CapitaMonaco
3%
18.2 Kg Per CapitaAntigua and Barbuda
2%

Score Distribution

Percentile by Number Answered

Percent of People with Each Score

Your Score History

You have not taken this quiz